Wszystkie Pseudonimy Belmonda - Statystyki

Ogólne statystyki
  • Ten quiz został rozwiązany 8 130 razy
  • Średni wynik to 15 z 58
Statystyki odpowiedzi
Odpowiedzi: % Poprawnych
Młody G
96%
Belmondo
88%
Belmondawg
68%
G
65%
Młody G z Gdyni
52%
Młody Sarmata
47%
Obywatel bez NIPu
45%
Tytus
45%
Kolega od jebanka
43%
Młody Gdynianin
37%
Nowy Tony Hawk tylko że rapowy
37%
Belmondziarz
36%
Obywatel Meksyku
33%
Scrooge Ebenezer
32%
Nowy Napoleon tylko większe berło
31%
George Orwell z bongiem
30%
Młody Rastafari
30%
Algidziak
27%
Młody Bonaparte tylko że naprawdę
27%
Młody G Sportowiec
26%
Młody Gypsy
25%
Dr Traphałs
25%
Sztosinger
25%
Młody Mowgli
24%
Sportowiec
23%
Młody Kmicic
22%
Tyti
22%
Bojkot
21%
Daquan
21%
Inspektor Gadżet
21%
Młody Algida
21%
Belmondoe
19%
Psychodeliczny wiking
19%
Atlas
18%
Mowgli Wychowanek Dżungli
18%
Keepercipek
17%
Młody Mastermind
17%
Proteziak
17%
Urwipołeć śmierdzący groszem
17%
Młody Bi
15%
Młody Muchadore
15%
Mobbyn Ranger
15%
Nowy Larry Flynt
15%
Belmondziak Sztosinger
13%
Czarodziej z Oz
13%
Muszkieter
13%
Ostateczny nurt
13%
Liroy Merlin
12%
Młody Glitch
12%
Syn Ayn
12%
Husky
11%
Młody figlarz
10%
Młody Scrooge McDuck
10%
Młody Snake Plissken
10%
Nowy Orson Welles
10%
Hajle Syllasje
9%
Młody Libertarianin
9%
Młody Stavro Blofeld
9%
Nie znaleziono quizów pasujących do podanych kryteriów
Rozkład punktacji
Procent ludzi z każdym wynikiem
Percentyl według liczby udzielonych odpowiedzi
Twoja historia wyników
Nie rozwiązałeś tego quizu